| 000 | 01259nam a2200337 a 4500 | ||
|---|---|---|---|
| 001 | 85770 | ||
| 003 | BD-RjUL | ||
| 005 | 20250929133759.0 | ||
| 008 | 250929s2000 bg a b 001 0 eng | ||
| 020 | _a9843109775 | ||
| 020 | _a9789843109774 | ||
| 035 | _a(BD-RjUL)85770 | ||
| 040 |
_aDLC _cDLC _dDLC _dBD-RjUL _beng |
||
| 041 | _aeng | ||
| 082 |
_223 _a306.74 _bULH 2000 |
||
| 100 | 1 |
_aUllah, A. K. M. Ahsan, _eauthor. _917021 |
|
| 245 | 1 | 4 |
_aThe horror : _ba study on commercial sex and the risk of HIV/AIDS in Bangladesh / _cA.K.M. Ahsan Ullah, Abdar Rahman. |
| 260 |
_aDhaka : _bAssociation for Rural Development and Studies (ARDS) and BRAC, Research and Evaluation Division, _c2000. |
||
| 300 |
_a144 p. : _bill. ; _c22 cm. |
||
| 336 |
_atext _btxt _2rdacontent |
||
| 337 |
_aunmediated _bn _2rdamedia |
||
| 338 |
_avolume _bnc _2rdacarrier |
||
| 504 | _aIncludes bibliographical references (p. [107]-117) and index. | ||
| 650 | 0 |
_aProstitution _zBangladesh. _917022 |
|
| 650 | 0 |
_aAIDS (Disease) _zBangladesh. _917023 |
|
| 700 | 1 |
_aRahman, Abdar. _917024 |
|
| 710 | 2 |
_aAssociation for Rural Development and Studies (Dhaka, Bangladesh) _917025 |
|
| 710 | 2 |
_aBangladesh Rural Advancement Committee. _917026 |
|
| 942 |
_2ddc _cBK |
||
| 999 |
_c85770 _d85770 |
||